000 00861nam a2200277 a 4500
001 000003661
003 DO-SdBNP
005 20220720104218.0
007 ta
008 090713s1994 cu 001 p spa d
020 _a959100477X
040 _aDO-SdBNP
_bspa
_cBNPHU
049 _aBNPHD
082 4 _aCu861.44
_bP745c, 1994
_222
245 1 0 _aPoesía cubana de amor :
_bsiglo XX /
_cSelección y nota introductoria, Luis Rogelio Nogueras ; edición Eliana Dávila.
250 _a2a ed. corr. y aum.
260 _aLa Habana, Cuba :
_bLetras Cubanas,
_c1994.
300 _a195 p. ;
_c20 cm.
590 _aInventariado 2022 / MF
650 4 _aPoesía cubana
_ySiglo XX
_99139
650 4 _aLiteratura cubana
_ySiglo XX
_99186
700 1 _aNogueras, Luis Rogelio
_911226
700 1 _aDávila, Eliana,
_eed.
_911227
910 _aMFeliz
942 _2ddc
_cLBS1
999 _c3484
_d3484